Animais que transmitem doenças - Statistics

Estatísticas Gerais
  • Esse quiz foi jogado 260 vezes
  • A pontuação média é 3 de 6
Estatísticas das Respostas
Nome da doença Animal % Correto
Leptospirose, tifo, peste bubonica e meningite Rato
95%
Histoplasmose e raiva Morcego
60%
Dengue, Zika, Chikungunya e Febre Amarela Mosquito da Dengue
57%
Febre Maculosa e agregados Carrapato
37%
criptococose, histoplasmose clamidiose e meningite Pombo
34%
Diarreia, Hepatite, Tifo e tuberculose Barata
25%
Nenhum quiz correspondente encontrado
Distribuição das Pontuações
Porcentagem de Pessoas com Cada Pontuação
Percentil de Números Respondidos
Sua Pontuação Histórica
Você não jogou esse quiz